<?xml version="1.0" encoding="UTF-8"?>
<collection xmlns="http://www.loc.gov/MARC21/slim">
    <record>
        <controlfield tag="001">67610</controlfield>
        <controlfield tag="005">20180223094951.0</controlfield>
        <datafield tag="037" ind1=" " ind2=" ">
            <subfield code="a">GDOC-2016-30319</subfield>
        </datafield>
        <datafield tag="041" ind1=" " ind2=" ">
            <subfield code="a">spa</subfield>
        </datafield>
        <datafield tag="100" ind1=" " ind2=" ">
            <subfield code="0">(orcid)0000-0002-6881-4209</subfield>
            <subfield code="1">135689</subfield>
            <subfield code="a">Urriza Parroqué, Isidro</subfield>
        </datafield>
        <datafield tag="245" ind1="0" ind2="0">
            <subfield code="9">30319</subfield>
            <subfield code="a">Sistemas electrónicos con microprocesadores</subfield>
        </datafield>
        <datafield tag="260" ind1=" " ind2=" ">
            <subfield code="a">Zaragoza</subfield>
            <subfield code="b">Universidad de Zaragoza</subfield>
            <subfield code="c">2016-2017</subfield>
        </datafield>
        <datafield tag="520" ind1=" " ind2=" ">
            <subfield code="a">Breve presentación de la asignatura
La asignatura de Sistemas Electrónicos con Microprocesadores forma parte del Módulo Común a la Rama de Telecomunicación, dentro del Bloque de Materia de Electrónica del Plan de Estudios del Grado.
Se apoya en las asignaturas de Fundamentos de Informática y Electrónica Digital del Grado, a las que da continuidad, aplicando y ampliando sus conocimientos.
La asignatura Sistemas Electrónicos con Microprocesadores es una asignatura de 6 ECTS cuyo objetivo es proporcionar al graduado en Ingeniería de Tecnologías y Servicios de Telecomunicación los conocimientos y las habilidades básicos relacionados con el diseño de sistemas electrónicas basados en microprocesadores, tanto el diseño de la plataforma hardware como del software.</subfield>
            <subfield code="b"> </subfield>
        </datafield>
        <datafield tag="521" ind1=" " ind2=" ">
            <subfield code="9">145</subfield>
            <subfield code="a">Ingeniería de Tecnologías y Servicios de Telecomunicación</subfield>
        </datafield>
        <datafield tag="540" ind1=" " ind2=" ">
            <subfield code="a">by-nc-sa</subfield>
            <subfield code="b">Creative Commons</subfield>
            <subfield code="c">3.0</subfield>
            <subfield code="u">http://creativecommons.org/licenses/by-nc-sa/3.0/</subfield>
        </datafield>
        <datafield tag="830" ind1=" " ind2=" ">
            <subfield code="9">438</subfield>
        </datafield>
        <datafield tag="856" ind1="4" ind2=" ">
            <subfield code="s">10586</subfield>
            <subfield code="u">http://zaguan.unizar.es/record/67610/files/guia-30319-en.pdf</subfield>
            <subfield code="y">Guide (english)</subfield>
        </datafield>
        <datafield tag="856" ind1="4" ind2=" ">
            <subfield code="s">19160</subfield>
            <subfield code="u">http://zaguan.unizar.es/record/67610/files/guia-30319-es.pdf</subfield>
            <subfield code="y">Guía (idioma español)</subfield>
        </datafield>
        <datafield tag="970" ind1=" " ind2=" ">
            <subfield code="a">GDOC-2016-30319</subfield>
        </datafield>
        <datafield tag="980" ind1=" " ind2=" ">
            <subfield code="a">GDOC</subfield>
            <subfield code="b">Ingeniería y arquitectura</subfield>
            <subfield code="c">110</subfield>
        </datafield>
    </record>

    
</collection>